<?xml version="1.0" encoding="UTF-8"?>
<record
    xmlns:xsi="http://www.w3.org/2001/XMLSchema-instance"
    xsi:schemaLocation="http://www.loc.gov/MARC21/slim http://www.loc.gov/standards/marcxml/schema/MARC21slim.xsd"
    xmlns="http://www.loc.gov/MARC21/slim">

  <leader>00741nam a22001577a 4500</leader>
  <controlfield tag="003">SGT</controlfield>
  <datafield tag="020" ind1=" " ind2=" ">
    <subfield code="a">9788121926140</subfield>
  </datafield>
  <datafield tag="082" ind1=" " ind2=" ">
    <subfield code="a">547, BAH </subfield>
  </datafield>
  <datafield tag="100" ind1=" " ind2=" ">
    <subfield code="a">BAHL ARUN </subfield>
  </datafield>
  <datafield tag="245" ind1=" " ind2=" ">
    <subfield code="a">A TEXTBOOK OF ORGANIC CHEMISTRY </subfield>
  </datafield>
  <datafield tag="260" ind1=" " ind2=" ">
    <subfield code="a">NEW DELHI </subfield>
    <subfield code="b">S. CHAND </subfield>
    <subfield code="c">2014</subfield>
  </datafield>
  <datafield tag="300" ind1=" " ind2=" ">
    <subfield code="a">1073</subfield>
  </datafield>
  <datafield tag="650" ind1=" " ind2=" ">
    <subfield code="a">ORGANIC CHEMISTRY </subfield>
  </datafield>
  <datafield tag="653" ind1=" " ind2=" ">
    <subfield code="a"> Getting Started, Purification Of Organic Compounds, Composition Of Organic Compounds,  Empirical And Molecular Formulae, Structure Of Organic Molecules, Organic Reaction And Their Mechanism, Isomerism, Nomenclature Of Organic Compounds, Spectroscop,  Alkanes.........Vitamins, Steroids And Antibiotics, Predicting Trends,  Road Map Problems, Multistep Synthesis, Multiple Choice Questions	   	 </subfield>
  </datafield>
  <datafield tag="942" ind1=" " ind2=" ">
    <subfield code="2">ddc</subfield>
    <subfield code="c">FPS</subfield>
    <subfield code="0">1</subfield>
  </datafield>
  <datafield tag="952" ind1=" " ind2=" ">
    <subfield code="0">0</subfield>
    <subfield code="1">0</subfield>
    <subfield code="2">ddc</subfield>
    <subfield code="4">0</subfield>
    <subfield code="7">0</subfield>
    <subfield code="a">SSSL</subfield>
    <subfield code="b">SSSL</subfield>
    <subfield code="c">TXT</subfield>
    <subfield code="d">2016-06-25</subfield>
    <subfield code="e">SPARSH BOOKS GALLERY </subfield>
    <subfield code="g">695.00</subfield>
    <subfield code="i">SGTU</subfield>
    <subfield code="l">12</subfield>
    <subfield code="o">547, BAH</subfield>
    <subfield code="p">PS526</subfield>
    <subfield code="r">2025-02-28 00:00:00</subfield>
    <subfield code="s">2025-02-12</subfield>
    <subfield code="w">2014-11-25</subfield>
    <subfield code="y">FPS</subfield>
    <subfield code="k">1291</subfield>
  </datafield>
  <datafield tag="952" ind1=" " ind2=" ">
    <subfield code="0">0</subfield>
    <subfield code="1">0</subfield>
    <subfield code="2">ddc</subfield>
    <subfield code="4">0</subfield>
    <subfield code="7">0</subfield>
    <subfield code="a">SSSL</subfield>
    <subfield code="b">SSSL</subfield>
    <subfield code="c">TXT</subfield>
    <subfield code="d">2016-06-25</subfield>
    <subfield code="e">SPARSH BOOKS GALLERY </subfield>
    <subfield code="g">695.00</subfield>
    <subfield code="i">SGTU</subfield>
    <subfield code="l">12</subfield>
    <subfield code="o">547, BAH</subfield>
    <subfield code="p">PS527</subfield>
    <subfield code="r">2021-01-19 00:00:00</subfield>
    <subfield code="s">2020-12-23</subfield>
    <subfield code="w">2014-11-25</subfield>
    <subfield code="y">FPS</subfield>
    <subfield code="k">1291</subfield>
  </datafield>
  <datafield tag="952" ind1=" " ind2=" ">
    <subfield code="0">0</subfield>
    <subfield code="1">0</subfield>
    <subfield code="2">ddc</subfield>
    <subfield code="4">0</subfield>
    <subfield code="7">0</subfield>
    <subfield code="a">SSSL</subfield>
    <subfield code="b">SSSL</subfield>
    <subfield code="c">TXT</subfield>
    <subfield code="d">2016-06-25</subfield>
    <subfield code="e">SPARSH BOOKS GALLERY </subfield>
    <subfield code="g">695.00</subfield>
    <subfield code="i">SGTU</subfield>
    <subfield code="l">24</subfield>
    <subfield code="o">547, BAH</subfield>
    <subfield code="p">PS528</subfield>
    <subfield code="r">2025-05-09 00:00:00</subfield>
    <subfield code="s">2025-05-09</subfield>
    <subfield code="w">2014-11-25</subfield>
    <subfield code="y">FPS</subfield>
    <subfield code="k">1291</subfield>
  </datafield>
  <datafield tag="999" ind1=" " ind2=" ">
    <subfield code="c">9230</subfield>
    <subfield code="d">9230</subfield>
  </datafield>
</record>
